Sociological theory : (Record no. 1231)

MARC details
000 -LEADER
fixed length control field 00758nam a2200265 i 4500
001 - CONTROL NUMBER
control field 803175
003 - CONTROL NUMBER IDENTIFIER
control field OSt
005 - DATE AND TIME OF LATEST TRANSACTION
control field 20230619110317.0
008 - FIXED-LENGTH DATA ELEMENTS--GENERAL INFORMATION
fixed length control field 750129s1974 enka b 000 0 eng
010 ## - LIBRARY OF CONGRESS CONTROL NUMBER
LC control number 75300925
015 ## - NATIONAL BIBLIOGRAPHY NUMBER
National bibliography number GB74-24561
020 ## - INTERNATIONAL STANDARD BOOK NUMBER
International Standard Book Number 0177111216 :
Terms of availability £3.00.
International Standard Book Number 0177121211
040 ## - CATALOGING SOURCE
Original cataloging agency DLC
Transcribing agency DLC
Modifying agency DLC
050 00 - LIBRARY OF CONGRESS CALL NUMBER
Classification number HM51
Item number .M35 1974b
082 00 - DEWEY DECIMAL CLASSIFICATION NUMBER
Classification number 301/.01
Item number MEN
100 1# - MAIN ENTRY--PERSONAL NAME
Personal name Mennell, Stephen.
245 10 - TITLE STATEMENT
Title Sociological theory :
Remainder of title uses and unities /
Statement of responsibility, etc. Stephen Mennell.
260 ## - PUBLICATION, DISTRIBUTION, ETC. (IMPRINT)
Place of publication, distribution, etc. London :
Name of publisher, distributor, etc. Nelson,
Date of publication, distribution, etc. 1974.
300 ## - PHYSICAL DESCRIPTION
Extent viii, 189 p. :
Other physical details ill. ;
Dimensions 23 cm.
504 ## - BIBLIOGRAPHY, ETC. NOTE
Bibliography, etc Bibliography: p. [173]-184.
650 #0 - SUBJECT ADDED ENTRY--TOPICAL TERM
Topical term or geographic name as entry element Sociology.
650 #0 - SUBJECT ADDED ENTRY--TOPICAL TERM
Topical term or geographic name as entry element Sociology
General subdivision Methodology.
906 ## - LOCAL DATA ELEMENT F, LDF (RLIN)
a 7
b cbc
c orignew
d 3
e ncip
f 19
g y-gencatlg
942 ## - ADDED ENTRY ELEMENTS (KOHA)
Source of classification or shelving scheme Dewey Decimal Classification
Koha item type Books
Holdings
Withdrawn status Lost status Source of classification or shelving scheme Damaged status Not for loan Home library Current library Date acquired Total Checkouts Full call number Barcode Date last seen Price effective from Koha item type
    Dewey Decimal Classification     County Hall Archives County Hall Archives 06/19/2023   301/.01 MEN 10000483 06/19/2023 06/19/2023 Books
LIBRARY OPENING HOURS

When the Parliament is sitting: 8.00a.m - 7.00p.m or until the house adjourns
Mondays and Fridays and when the House is on Recess:  8.00a.m - 5.00p.m
Closed on Weekends and Public Holidays

Online Public Access Catalog (OPAC)
Website: http://www.parliament.go.ke
Bunge Library: https://libraryir.parliament.go.ke
Contact: library@parliament.go.ke | Tel no: (254-2)2221291 or 2848000 Ext 5043